| 000 | 00760nam a22002297a 4500 | ||
|---|---|---|---|
| 999 |
_c384138 _d384138 |
||
| 001 | 97894 | ||
| 003 | UA-OsUOA | ||
| 005 | 20200214135033.0 | ||
| 007 | ta | ||
| 008 | 20130408b un ||||| |||| 00| 0 ukr d | ||
| 040 |
_aUA-OsUOA _brus _cUA-OsUOA _dUA-OsUOA |
||
| 041 | _arus | ||
| 080 | _a821.161.1 | ||
| 090 |
_a821.161.1 _bП16 |
||
| 100 | _aПанова В. | ||
| 245 |
_aИзбраные произведения в 2-х томах: сентиментальный роман. исторические повести _nт. 2 |
||
| 260 |
_aЛенинград _bХудожественная литература _c1980 |
||
| 300 | _a360 с. | ||
| 650 | 7 |
_a82 Література. Літературознавство _2UDC |
|
| 942 |
_cBK _2udc |
||
| 955 | _a3 | ||